000 00732nmm a2200241 a 4500
003 AR-BaBNM
005 20251128202710.0
008 011101s1973 ||||||||||||||000 | spa||
040 _cAR-BaBNM
100 1 _aGutíerrez Soto, Carlos A.
245 1 0 _aRelatos breves
_bcomentario de textos y ejercicios de lenguaje para la escuela primaria y secundaria
260 _aCórdoba
_bTA.P.AS.
_bInstituto Pedagógico Modelo
_c1973
300 _a91 p.
_bil., diagr.
650 4 _aLENGUAJE
650 4 _aGENEROS LITERARIOS
650 4 _aAPRECIACION LITERARIA
650 4 _aTECNICAS DE ENSENANZA
653 _aENSENANZA DE LA LENGUA
653 _aEDUCACION PRIMARIA
653 _aEDUCACION SECUNDARIA
942 _cBK
998 _cSILVI
999 _c171
_d171